000 00457cam a2200181ua 4500
001 2702
008 110908n ii |||gr||||Z||||||asm
040 _cMAIN
082 _a891.4512
100 _aBezbaruah, Lakshminath,
245 1 1 _aChakradhwaj Singha
_cby Lakshminath Bezbaruah
250 _a2nd.
260 _aGolaghat:
_bSaraswati Prakashan,
_c2008.
300 _a84p:
_c23cm.
653 _aAssamese drama
653 _aChakradhwaj Singha
942 _cBK
999 _c2553
_d2553